Normal view MARC view

Entry Nome pessoal

Number of records used in: 1

001 - NÚMERO DE CONTROLE

  • campo de controle: 945

003 - IDENTIFICADOR DO NÚMERO DE CONTROLE

  • campo de controle: DLC

005 - DATA E HORÁRIO DA ÚLTIMA TRANSAÇÃO

  • campo de controle: 20250625081355.0

008 - CAMPO DE DADOS FIXOS

  • campo de controle de tamanho fixo: 151209n| azannaabn |a aaa c

010 ## - NÚMERO DE CONTROLE DA LIBRARY OF CONGRESS

  • Número de controle da LC: no2015164004

035 ## - NÚMERO DE CONTROLE DO SISTEMA

  • Número de Controle do Sistema: (OCoLC)oca10340899

040 ## - FONTE DA CATALOGAÇÃO

  • Instituição da catalogação original: UOr
  • Idioma da catalogação: eng
  • Fontes convencionais de descrições de dados: rda
  • Instituição que transcreveu o registro: UOr

046 ## - CÓDIGO ESPECIAL DE DATAS

  • Data de nascimento: 1979-05-30
  • Fonte do esquema de data: edtf

100 1# - CABEÇALHO--NOME PESSOAL

  • Nome pessoal: Elrod, Hal,
  • Datas associadas ao nome: 1979-

370 ## - LUGAR ASSOCIADO

  • Local de nascimento: Ventura (Calif.)
  • Outro local associado: Sacramento (Calif.)
  • Local de residência/sede: Los Angeles (Calif.)
  • Fonte do termo: naf

372 ## - CAMPO DE ATIVIDADE

  • Campo de atividade: Public speaking
  • Fonte do termo: lcsh

374 ## - OCUPAÇÃO

  • Ocupação: Businessmen
  • Ocupação: Authors
  • Fonte do termo: lcsh

375 ## - GÊNERO

  • Gênero: male

377 ## - IDIOMA ASSOCIADO

  • Código do idioma: eng

400 0# - REMISSIVA VER--NOME PESSOAL

  • Nome pessoal: Yo Pal Hal,
  • Datas associadas ao nome: 1979-

400 1# - REMISSIVA VER--NOME PESSOAL

  • Nome pessoal: Elrod, Hal Austin,
  • Datas associadas ao nome: 1979-

670 ## - FONTE POSITIVA DOS DADOS

  • Citação da fonte positiva dos dados: Miracle morning, c2014:
  • Dados encontrados na fonte localizada no subcampo: title page (Hal Elrod) back cover (Known as "Yo Pal Hal" since hosting his first radio show at 15)

670 ## - FONTE POSITIVA DOS DADOS

  • Citação da fonte positiva dos dados: halelrod.com, accessed 7 December 2015:
  • Dados encontrados na fonte localizada no subcampo: (In addition to being one of the highest rated keynote speakers in America, Hal Elrod is the #1 bestselling author of ... The miracle morning. He's also a Hall of Fame business achiever, one of America's top success coaches, an ultra-marathon runner, and grateful husband and father.)

670 ## - FONTE POSITIVA DOS DADOS

  • Citação da fonte positiva dos dados: linkedin.com, accessed 7 December 2015:
  • Dados encontrados na fonte localizada no subcampo: ("Yo Pal" Hal Elrod; keynote speaker, author; greater Los Angeles area; education: Yosemite High School, 1993-1997)

670 ## - FONTE POSITIVA DOS DADOS

  • Citação da fonte positiva dos dados: facebook.com, accessed 7 December 2015:
  • Dados encontrados na fonte localizada no subcampo: (Hal Elrod. Born 30 May 1979)

670 ## - FONTE POSITIVA DOS DADOS

  • Citação da fonte positiva dos dados: familysearch.org, accessed 7 December 2015:
  • Dados encontrados na fonte localizada no subcampo: (Hal Austin Elrod, born 30 May 1979, Ventura, California; residence 2004-2009, Sacramento, California)

Powered by Koha